|
|
|
|
| LEADER |
00000nab a2200000 a 4500 |
| 001 |
vtls010427250 |
| 003 |
SK-MaSNL |
| 005 |
20260304155319.0 |
| 008 |
250507c20112012xo mr|p|||an |000 b|slo |
| 015 |
|
|
|a SNBRB2012/05
|
| 035 |
|
|
|a (uuid)dc3f2962-faa7-4e43-a793-e0bcbcbd5330
|
| 035 |
|
|
|a urn:nbn:sk:snk-ab2h5i
|
| 035 |
|
|
|a (urnnbn)urn:nbn:sk:snk:ar-a02f1e
|
| 038 |
|
|
|a SPK
|
| 040 |
|
|
|a SNKBUCL
|b slo
|c SNKBUCL
|e AACR2
|
| 041 |
0 |
|
|a slo
|b slo
|
| 044 |
|
|
|a xo
|c SK
|
| 072 |
|
7 |
|a 37
|x Výchova a vzdelávanie
|2 konspekt
|
| 072 |
|
7 |
|a 373.2/.3
|x Predškolská a primárna výchova a vzdelávanie
|2 konspekt
|
| 080 |
|
|
|a 372.851
|2 2001
|
| 080 |
|
|
|a 373.32
|x (083.94)
|2 2001
|
| 100 |
1 |
|
|a Štibelová, Elena
|4 aut
|9 24079
|
| 245 |
1 |
0 |
|a Integrovaný vyučovací projekt v matematike stupni ZŠ
|n (5)
|c Helena Štibelová
|
| 300 |
|
|
|b Obr.
|
| 546 |
|
|
|a Res. slov.
|
| 650 |
0 |
7 |
|a matematika
|2 snkbucl
|9 70174
|
| 650 |
0 |
7 |
|a základné školy
|2 snkbucl
|9 1280
|
| 650 |
0 |
7 |
|a projekty
|2 snkbucl
|9 18866
|
| 773 |
0 |
|
|t Naša škola
|g Roč. 15., č. 9(2011/2012), s. 40-41
|
| 850 |
|
|
|a Slovenská národná knižnica
|
| 852 |
|
|
|a Slovenská národná knižnica
|
| 954 |
|
|
|a odborná, vedecká literatúra pôvodná (slovenská)
|2 lita
|
| 958 |
|
|
|a article27
|
| 958 |
|
|
|a OND
|
| 958 |
|
|
|a EUIPO
|
| 999 |
|
|
|c 2961557
|d 2963487
|